| LEADER | 01482nam a2200397 i 4500 | ||
|---|---|---|---|
| 001 | 001537975 | ||
| 003 | CZ BrMZK | ||
| 005 | 20160913061627.0 | ||
| 007 | ta | ||
| 008 | 160802s2015 xr ab e f 000 0 cze | ||
| 020 | |q (Brožováno) : |c neprodejné | ||
| 040 | |a BOA001 |b cze |e rda | ||
| 041 | 1 | |a cze |a eng |a ger |h cze | |
| 043 | |a e-xr--- |b e-xr-kr |2 czenas | ||
| 072 | 7 | |a 913(437) |x Geografie Česka a Slovenska, reálie, cestování |2 Konspekt |9 7 | |
| 080 | |a 913:338.483.1 |2 MRF | ||
| 080 | |a 908(437.313) |2 MRF | ||
| 080 | |a (036) |2 MRF | ||
| 245 | 0 | 0 | |a Královéhradecký kraj = |b Hradec Králové Region = Region Königgrätz |
| 246 | 3 | 1 | |a Hradec Králové Region |
| 246 | 3 | 1 | |a Region Königgraätz |
| 264 | 1 | |a [Hradec Králové] : |b Královéhradecký kraj, |c 2015 | |
| 300 | |a 12 nečíslovaných stran : |b barevné ilustrace, mapy ; |c 22 cm | ||
| 336 | |a text |b txt |2 rdacontent | ||
| 336 | |a statický obraz |b sti |2 rdacontent | ||
| 337 | |a bez média |b n |2 rdamedia | ||
| 338 | |a svazek |b nc |2 rdacarrier | ||
| 500 | |a Název z obálky | ||
| 546 | |a Souběžný anglický a německý text | ||
| 650 | 0 | 7 | |a turistické zajímavosti |7 ph126800 |z Česko |2 czenas |
| 651 | 7 | |a Královéhradecký kraj (Česko : 2000-) |7 ge135816 |x vlastivěda |2 czenas | |
| 655 | 7 | |a informační publikace |7 fd132454 |2 czenas | |
| 910 | |a BOA001 |b 2-1372.805 | ||
| 990 | |a BK | ||
| 991 | |b 201609 |c NOV | ||
| 996 | 6 | |b 2610680718 |c 2-1372.805 |l MZK |r Sklad / do 1 hodiny |n 0 |p p.v. |w 001577510 |u 000010 |a 1 |e BOA001 |j MZK50 |s P | |
English
Čeština 